00358nam a2200145Ia 4500003000400000005001700004008004100021040000900062082001900071100002100090245003600111260003200147300000900179650002400188OSt20201217114632.0190216s9999||||xx |||||||||||||| ||und|| coclc a491.443bDHI/S aDhivedi, Ramnja  0aSravadhi Kosh /cRamnja Dhivedi bHindusthani Academy,c1955. a242p aDictionary Of Hindi